Teoría general del proceso (Registro nro. 5856)
[ vista simple ]
| 000 -Cabecera (24) | |
|---|---|
| Campo de control interno | 01106nam a22002894a 4500 |
| 001 - Número de control | |
| Campo de control | PE-BaUNAB |
| 005 - Fecha y hora de la | |
| Campo de control | 20260216143134.0 |
| 006 - ELEMENTOS DE DATOS DE LONGITUD FIJA - CARACTERÍSTICAS ADICIONALES DEL MATERIAL - INFORMACIÓN GENERAL | |
| Campo de control de longitud fija | a||||gr|||| 001 0 |
| 007 - Tipo material - Descripcion fisica - info general | |
| Tipo material | ta |
| 008 - Códigos de longitud fija (40p) | |
| Campo de control de longitud fija | t pe gr 00| 0 spa d |
| 017 ## - Depósito legal | |
| Depósito legal | 2020-10132 |
| 020 ## - INTERNATIONAL STANDARD BOOK NUMBER | |
| ISBN | 9786124530913 |
| 040 ## - Origen de la Catalogacion | |
| Origen de la Catalogacion | PE-BaUNAB |
| 041 ## - Código de idioma | |
| Código de lengua del texto/banda sonora o título independiente (R) | spa |
| 043 ## - Pais ISO | |
| País ISO | per |
| 082 ## - Número de clasificación | |
| Clasificación | 345.71 |
| 100 ## - Autor personal | |
| Autor personal | Monroy Palacios, Juan José |
| Fechas asociadas al nombre (NR) | 1976- |
| 9 (RLIN) | 7619 |
| 245 ## - Titulo | |
| Titulo | Teoría general del proceso |
| 250 ## - Mención de edición | |
| Número de edición | 4a. ed. |
| 260 ## - Pie de imprenta | |
| Ciudad | Lima: |
| Nombre de la editorial | Communitas, |
| Año | 2017. |
| 300 ## - Descripción física | |
| Extensión | 613 p. ; |
| Dimensiones | 21 cm. |
| 490 ## - Declaración de la serie / colección | |
| Nombre de la serie / colección | Biblioteca de Derecho Procesal 6 |
| 505 ## - Nota de contenido | |
| Nota de contenido | 1. Origen histórico del proceso, historia del proceso civil, la teoría del proceso y los sistemas procesales, la teoría del proceso, el proceso judicial, la norma procesal, el hecho, el acto y el negocio procesal, la importancia social del proceso y los presupuestos, jurisdicción, el derecho a la tutela jurisdiccional, la función del juez en la historia. |
| 650 ## - Temas - Descriptores | |
| Temas - Descriptores | PROCEDIMIENTO CIVIL |
| 9 (RLIN) | 4946 |
| 650 ## - Temas - Descriptores | |
| Temas - Descriptores | PROCESO JUDICIAL |
| 9 (RLIN) | 7884 |
| 942 ## - Datos personalizados Koha | |
| Fuente de clasificación | Dewey Decimal Classification |
| Tipo de Documento | Libros |
| Fecha procesamiento | 2026-02-16 |
| Catalogador | IRQ |
| Fuente de Clasificacion | Colección | Ubicacion permanente | Ubicacion actual | Fecha de adquisicion a la Biblioteca | Prestamos | Signatura | Código de barras | Ultima fecha de verificacion | Tipo de ítem | Ejemplar |
|---|---|---|---|---|---|---|---|---|---|---|
| Dewey Decimal Classification | Derecho | UNAB | UNAB | 02/16/2026 | 345.71 M84T | 01L000007644 | 02/16/2026 | Libros | ||
| Dewey Decimal Classification | Derecho | UNAB | UNAB | 02/16/2026 | 345.71 M84T | 01L000007645 | 02/16/2026 | Libros | Ej.2 | |
| Dewey Decimal Classification | Derecho | UNAB | UNAB | 02/16/2026 | 345.71 M84T | 01L000007646 | 02/16/2026 | Libros | Ej.3 |
